Elvis Presley - The Songs From The Studio Albums - Statistics

General Stats
  • This quiz has been taken 10 times
  • The average score is 62 of 260
Answer Stats
Studio Album Song % Correct
Elvis Love Me
89%
Elvis Presley Blue Suede Shoes
78%
From Elvis In Memphis In The Ghetto
67%
Elvis’ Christmas Album Blue Christmas
56%
Elvis Old Shep
56%
Elvis Presley Tutti Frutti
56%
Elvis’ Christmas Album White Christmas
56%
Elvis Presley Blue Moon
44%
That’s The Way It Is Bridge Over Troubled Water
44%
Elvis Is Back! Fever
44%
Elvis (Fool) Fool
44%
He Touched Me He Touched Me
44%
How Great Thou Art How Great Thou Art
44%
Elvis Presley I Got A Woman
44%
Elvis’ Christmas Album I’ll Be Home For Christmas
44%
Elvis Presley I’m Gonna Sit Right Down And Cry (Over You)
44%
Elvis Presley Just Because
44%
From Elvis In Memphis Long Black Limousine
44%
Love Letters From Elvis Love Letters
44%
Elvis Presley Money Honey
44%
Elvis Presley One-Sided Love Affair
44%
Elvis’ Christmas Album Santa Claus Is Back In Town
44%
Elvis Country (I’m 10,000 Years Old) Snowbird
44%
Elvis’ Christmas Album (There’ll Be) Peace In The Valley (For Me)
44%
Moody Blue Way Down
44%
Elvis When My Blue Moon Turns To Gold Again
44%
That’s The Way It Is You’ve Lost That Lovin’ Feelin’
44%
From Elvis In Memphis After Loving You
33%
From Elvis In Memphis Any Day Now
33%
How Great Thou Art Crying In The Chapel
33%
Raised On Rock For Ol’ Times Sake
33%
From Elvis Presley Boulevard, Memphis Tennessee For The Heart
33%
From Vegas To Memphis/Back In Memphis From A Jack To A King
33%
Elvis Country (I’m 10,000 Years Old) Funny How Time Slips Away
33%
Good Times Good Time Charlie’s Got The Blues
33%
Elvis Now Hey Jude
33%
His Hand In Mine His Hand In Mine
33%
Elvis How’s The World Treating You
33%
That’s The Way It Is How The Web Was Woven
33%
From Elvis Presley Boulevard, Memphis Tennessee Hurt
33%
Elvis’ Christmas Album I Believe
33%
His Hand In Mine I Believe In The Man In The Sky
33%
How Great Thou Art If The Lord Wasn’t Walking By My Side
33%
He Touched Me I, John
33%
Elvis Presley I Love You Because
33%
Elvis Presley I’m Counting On You
33%
His Hand In Mine I’m Gonna Walk Dem Golden Stairs
33%
Something For Everybody I Slipped, I Stumbled, I Fell
33%
Elvis’ Christmas Album It Is No Secret (What God Can Do)
33%
Promised Land It’s Midnight
33%
Elvis Now I Was Born About Ten Thousand Years Ago
33%
That’s The Way It Is Just Pretend
33%
Pot Luck With Elvis Kiss Me Quick
33%
Good Times Loving Arms
33%
Elvis Sings The Wonderful World Of Christmas Merry Christmas Baby
33%
His Hand In Mine Milky White Way
33%
Moody Blue Moody Blue
33%
Promised Land Mr. Songman
33%
Good Times My Boy
33%
Elvis Paralyzed
33%
That’s The Way It Is Patch It Up
33%
Elvis’ Christmas Album Precious Lord, Take My Hand
33%
Promised Land Promised Land
33%
Something For Everybody Put The Blame On Me
33%
Raised On Rock Raised On Rock
33%
Elvis Is Back! Reconsider Baby
33%
Elvis Rip It Up
33%
How Great Thou Art Run On
33%
Elvis’ Christmas Album Santa Bring My Baby Back (To Me)
33%
Elvis’ Christmas Album Silent Night
33%
Elvis Sings The Wonderful World Of Christmas Silver Bells
33%
Elvis So Glad You’re Mine
33%
Elvis Is Back! Soldier Boy
33%
Good Times Spanish Eyes
33%
Pot Luck With Elvis (Such An) Easy Question
33%
Elvis Is Back! Such A Night
33%
Pot Luck With Elvis Suspicion
33%
His Hand In Mine Swing Down Sweet Chariot
33%
Elvis Now Sylvia
33%
Elvis Country (I’m 10,000 Years Old) The Fool
33%
Elvis Is Back! The Girl Of My Best Friend
33%
Something For Everybody There’s Always Me
33%
Promised Land Thinking About You
33%
Elvis Is Back! Thrill Of Your Love
33%
Today T-R-O-U-B-L-E
33%
That’s The Way It Is Twenty Days And Twenty Nights
33%
Moody Blue Unchained Melody
33%
Elvis Country (I’m 10,000 Years Old) Whole Lotta Shakin’ Goin’ On
33%
How Great Thou Art You’ll Never Walk Alone
33%
He Touched Me Amazing Grace
22%
From Vegas To Memphis/Back In Memphis And The Grass Won’t Pay No Mind
22%
Elvis Anyplace Is Paradise
22%
Raised On Rock Are You Sincere
22%
From Elvis Presley Boulevard, Memphis Tennessee Bitter They Are, Harder They Fall
22%
From Elvis Presley Boulevard, Memphis Tennessee Blue Eyes Crying In The Rain
22%
He Touched Me Bosom Of Abraham
22%
From Elvis Presley Boulevard, Memphis Tennessee Danny Boy
22%
Elvis Is Back! Dirty Dirty Feeling
22%
Elvis Now Early Mornin’ Rain
22%
Elvis Country (I’m 10,000 Years Old) Faded Love
22%
Today Fairytale
22%
Elvis First In Line
22%
From Elvis In Memphis Gentle On My Mind
22%
Something For Everybody Gently
22%
Elvis Is Back! Girl Next Door Went A’Walking
22%
Love Letters From Elvis Got My Mojo Working
22%
Today Green, Green Grass Of Home
22%
Love Letters From Elvis Heart Of Rome
22%
Moody Blue He’ll Have To Go
22%
Elvis’ Christmas Album Here Comes Santa Claus
22%
Elvis How Do You Think I Feel
22%
Today I Can Help
22%
Good Times If That Isn’t Love
22%
Moody Blue If You Love Me (Let Me Know)
22%
Promised Land If You Talk In Your Sleep
22%
Good Times I Got A Feelin’ In My Body
22%
That’s The Way It Is I Just Can’t Help Believin’
22%
Elvis Sings The Wonderful World Of Christmas I’ll Be Home On Christmas Day
22%
From Elvis In Memphis I’ll Hold You In My Heart (Till I Can Hold You In My Arms)
22%
From Elvis Presley Boulevard, Memphis Tennessee I’ll Never Fall In Love Again
22%
Elvis Presley I’ll Never Let You Go (Little Darlin’)
22%
Elvis (Fool) I’ll Take You Home Again Kathleen
22%
Something For Everybody I’m Comin’ Home
22%
Raised On Rock I Miss You
22%
Pot Luck With Elvis I’m Yours
22%
From Vegas To Memphis/Back In Memphis Inherit The Wind
22%
How Great Thou Art In The Garden
22%
Elvis Is Back! It Feels So Right
22%
Something For Everybody It’s A Sin
22%
Moody Blue It’s Easy For You
22%
Elvis (Fool) It’s Impossible
22%
Elvis Country (I’m 10,000 Years Old) It’s Your Baby, You Rock It
22%
Good Times I’ve Got A Thing About You Baby
22%
He Touched Me I’ve Got Confidence
22%
Elvis Country (I’m 10,000 Years Old) I Washed My Hands In Muddy Water
22%
Elvis Is Back! I Will Be Home Again
22%
Something For Everybody Judy
22%
Moody Blue Let Me Be There
22%
Love Letters From Elvis Life
22%
Elvis Is Back! Like A Baby
22%
Moody Blue Little Darlin’
22%
Elvis Long Tall Sally
22%
From Elvis Presley Boulevard, Memphis Tennessee Love Coming ‘Down
22%
Elvis (Fool) Love Me, Love The Life I Lead
22%
Promised Land Love Song Of The Year
22%
Elvis Is Back! Make Me Know It
22%
Elvis Country (I’m 10,000 Years Old) Make The World Go Away
22%
That’s The Way It Is Mary In The Morning
22%
Pot Luck With Elvis Night Rider
22%
Elvis Sings The Wonderful World Of Christmas O Come, All Ye Faithful
22%
Elvis’ Christmas Album O Little Town Of Bethlehem
22%
From Elvis In Memphis Only The Strong Survive
22%
Moody Blue Pledging My Love
22%
From Elvis In Memphis Power Of My Love
22%
Elvis Ready Teddy
22%
Today Shake A Hand
22%
Good Times She Wears My Ring
22%
From Elvis Presley Boulevard, Memphis Tennessee Solitaire
22%
Pot Luck With Elvis Something Blue
22%
How Great Thou Art Stand By Me
22%
Pot Luck With Elvis Steppin’ Out Of Line
22%
Today Susan When She Tried
22%
Good Times Take Good Care Of Her
22%
Good Times Talk About The Good Times
22%
Pot Luck With Elvis That’s Someone You Never Forget
22%
Elvis Sings The Wonderful World Of Christmas The First Noel
22%
From Elvis Presley Boulevard, Memphis Tennessee The Last Farewell
22%
Elvis Country (I’m 10,000 Years Old) There Goes My Everything
22%
Elvis Sings The Wonderful World Of Christmas The Wonderful World Of Christmas
22%
From Vegas To Memphis/Back In Memphis This Is The Story
22%
Elvis Country (I’m 10,000 Years Old) Tomorrow Never Comes
22%
From Elvis In Memphis True Love Travels On A Gravel Road
22%
Elvis Presley Tryin’ To Get To You
22%
From Elvis In Memphis Wearin’ That Loved On Look
22%
How Great Thou Art Where Could I Go But To The Lord
22%
How Great Thou Art Where No One Stands Alone
22%
Elvis Sings The Wonderful World Of Christmas Winter Wonderland
22%
How Great Thou Art Without Him
22%
His Hand In Mine Working On A Building
22%
Promised Land Your Love’s Been A Long Time Coming
22%
From Vegas To Memphis/Back In Memphis A Little Bit Of Green
11%
Today And I Love You So
11%
He Touched Me An Evening Prayer
11%
Today Bringin’ It Back
11%
How Great Thou Art By And By
11%
Love Letters From Elvis Cindy, Cindy
11%
From Vegas To Memphis/Back In Memphis Do You Know Who I Am
11%
How Great Thou Art Farther Along
11%
Raised On Rock Find Out What’s Happening
11%
Pot Luck With Elvis Fountain Of Love
11%
Raised On Rock Girl Of Mine
11%
Something For Everybody Give Me The Right
11%
He Touched Me He Is My Everything
11%
Promised Land Help Me
11%
Elvis Now Help Me Make It Through The Night
11%
Elvis Sings The Wonderful World Of Christmas Holly Leaves And Christmas Trees
11%
Pot Luck With Elvis I Feel That I’ve Known You Forever
11%
Elvis Sings The Wonderful World Of Christmas If Every Day Was Like Christmas
11%
Elvis Sings The Wonderful World Of Christmas If I Get Home On Christmas Day
11%
Love Letters From Elvis If I Were You
11%
His Hand In Mine If We Never Meet Again
11%
Raised On Rock If You Don’t Come Back
11%
Love Letters From Elvis I’ll Never Know
11%
From Elvis In Memphis I’m Movin’On
11%
His Hand In Mine In My Fathers House
11%
Something For Everybody In Your Arms
11%
Elvis Country (I’m 10,000 Years Old) I Really Don’t Want To Know
11%
Love Letters From Elvis It Ain’t No Big Thing (But It’s Growing)
11%
That’s The Way It Is I’ve Lost You
11%
Something For Everybody I Want You With Me
11%
Elvis (Fool) I Will Be True
11%
His Hand In Mine Joshua Fit The Battle
11%
Raised On Rock Just A Little Bit
11%
Pot Luck With Elvis Just For Old Times Sake
11%
His Hand In Mine Known Only To Him
11%
He Touched Me Lead Me, Guide Me
11%
Elvis Country (I’m 10,000 Years Old) Little Cabin On The Hill
11%
His Hand In Mine Mansion Over The Hilltop
11%
Elvis (Fool) Padre
11%
Today Pieces Of My Life
11%
Elvis Now Put Your Hand In The Hand
11%
He Touched Me Reach Out To Jesus
11%
He Touched Me Seeing Is Believing
11%
Something For Everybody Sentimental Me
11%
How Great Thou Art So High
11%
How Great Thou Art Somebody Bigger Than You And I
11%
From Vegas To Memphis/Back In Memphis Stranger In My Own Home Town
11%
That’s The Way It Is Stranger In The Crowd
11%
Raised On Rock Sweet Angeline
11%
Elvis (Fool) (That’s What You Get) For Lovin’ Me
11%
From Vegas To Memphis/Back In Memphis The Fair’s Moving On
11%
He Touched Me There Is No God, But God
11%
Promised Land There’s A Honky Tonk Angel (Who Will Take Me Back In)
11%
Love Letters From Elvis This Is Our Dance
11%
Raised On Rock Three Corn Patches
11%
Elvis Now Until It’s Time For You To Go
11%
How Great Thou Art We Call On Him
11%
Elvis Now We Can Make The Morning
11%
Love Letters From Elvis When I’m Over You
11%
Elvis (Fool) Where Do I Go From Here
11%
From Vegas To Memphis/Back In Memphis Without Love (There Is Nothing)
11%
Today Woman Without Love
11%
Promised Land You Asked Me To
11%
That’s The Way It Is You Don’t Have To Say You Love Me
11%
From Vegas To Memphis/Back In Memphis You’ll Think Of Me
11%
He Touched Me A Thing Called Love
0%
Elvis (Fool) Don’t Think Twice, It’s All Right
0%
Elvis Now Fools Rush In (Where Angels Fear To Tread)
0%
Pot Luck With Elvis Gonna Be Back Home Somehow
0%
His Hand In Mine He Knows Just What I Need
0%
From Elvis In Memphis It Keeps On A-Hurtin’
0%
Elvis (Fool) It’s Still Here
0%
Elvis Sings The Wonderful World Of Christmas It Won’t Seem Like Christmas (Without You)
0%
Elvis Now Miracle Of Rosary
0%
From Elvis Presley Boulevard, Memphis Tennessee Never Again
0%
Elvis Sings The Wonderful World Of Christmas On A Snowy Christmas Night
0%
Love Letters From Elvis Only Believe
0%
Moody Blue She Thinks I Still Care
0%
Something For Everybody Starting Today
0%
That’s The Way It Is The Next Stop Is Love
0%
No matching quizzes found
Score Distribution
Percent of People with Each Score
Percentile by Number Answered
Your Score History
You have not taken this quiz